00590nam a22001817a 450000500170000000800410001702000180005804000210007604100080009708200170010524500630012225000120018526000380019730000100023565000350024565000960028070000320037620210405124522.0210405b ||||| |||| 00| 0 eng d a9788176656351 aIN-DiNCcIN-DiNC dasm a891.451bBOR aBorgohain pariyalar sahitya/cedited by Bikashjyoti Baruah a1st ed. aGuwahati:bStudents stores,c2016 a280p. aLiterature of Borgohain family aLiterature of Homen Borgohain, Nirupama Borgohain, Anindya Borgohain and Pradipta Borgohain aBaruah, BikashjyotieEditor